000
00331nam a22001457a 4500
008
210302b ||||| |||| 00| 0 eng d
020
_a
01290674
041
_a
eng
080
_a
339.9
082
_a
339.9
100
_a
59
101
_a
GLOB
245
_a
Globalization a Very Short Introduction
_c
Steger, M. B
942
_2
udc
_c
BK
999
_c
55459
_d
55459